Indiquez la profession des parents ! 3 - Statistiques

Statistiques générales
  • Ce quiz a été pris 5 fois
  • Le résultat moyen est 1 sur 20
Statistiques - réponses
Hint Réponse % Correct
Edith Piaf Artiste de cirque / Chanteuse
60%
Véronique Sanson Avocat et homme politique
40%
Sylvie Vartan Attaché de presse
20%
Jean Sablon Compositeur / chef d'orchestre
20%
Serge Reggiani Coiffeur / Ouvrière
0%
Sheila Commerçants forains
0%
Juliette Gréco Commissaire de police
0%
Françoise Hardy Directeur de fabrique / Aide-comptable
0%
Brigitte Bardot Industriel
0%
Richard Anthony Industriel du textile
0%
Eric Charden Ingénieur
0%
Mireille Mathieu Maçon
0%
Alain Barrière Mareyeurs
0%
Annie Cordy Menuisier
0%
Jane Birkin Officier / Actrice
0%
Danielle Darrieux Ophtalmologue / Cantatrice
0%
Marcel Amont Paysans
0%
Maurice Chevalier Peintre en bâtiment / Passementière
0%
Lucienne Boyer Plombier / Modiste
0%
Nana Mouskouri Projectionniste / Ouvreuse
0%
Aucun quiz correspondant
Distribution des résultats
% des personnes avec chaque résultat
Percentile par nombre de réponses
Votre historique - résultats
Vous n’avez pas pris ce quiz